Comic Character by Cover Artist Part 61 (John Byrne) Quiz Stats

 Plays Quiz not verified by Sporcle

Support Sporcle.
Go Orange.
Score 0/62 Timer 08:00
0 Plays Today
% Correct
Bruce Banner
99.2%
Hulk
99.2%
Spider-Man
99.2%
Superman
98.8%
Captain America
97.6%
Captain America
97.6%
Black Panther
96.8%
Iron Fist
96.4%
Wolverine
96.4%
Angel
96%
Human Torch
96%
Iceman
96%
Invisible Girl
96%
Beast
95.6%
Beast
95.6%
Professor X
95.6%
Sub-Mariner
95.6%
Thing
95.6%
Thor
95.2%
Scarlet Witch
94.8%
Wonder Woman
94.8%
Marvel Girl
94.4%
Chewbacca
94%
Mr. Fantastic
94%
Cyclops
93.5%
R2D2
93.5%
C3PO
93.1%
Dr. Strange
91.9%
Hawkeye
90.3%
White Queen
89.5%
Luke Skywalker
89.1%
% Correct
Magneto
88.7%
Vision
87.9%
Wonder Man
87.9%
Captain Marvel
85.9%
Ancient One
84.3%
Wasp
81.9%
Wasp
81.9%
Annihilus
78.6%
Doomsday
77.8%
Aurora
77.4%
Black Queen
77.4%
Black King
76.6%
Big Bertha
73%
Flatman
72.6%
Armadillo
72.2%
Hank Pym
71.8%
Tiger Shark
69%
Puck
65.7%
Marrina
61.7%
Robotman
60.9%
Elasti-Girl
58.1%
Dinah Soar
52.8%
Clea
50.8%
Negative Man
50%
Doorman
47.6%
Mr. Immortal
45.2%
Timber Wolf
36.3%
Dawnstar
35.5%
Element Lad
28.2%
Polar Boy
22.6%
Sensor Girl
20.6%

You're not logged in!

Compare scores with friends on all Sporcle quizzes.
OR
Log In

From the Vault

Literature Match Chronology

by filmstudy

We hope you haven't met your match.
Remove Ads.
Support Sporcle.
Get the best of Sporcle when you Go Orange. This ad-free experience offers more features, more stats, and more fun while also helping to support Sporcle. Thank you for becoming a member.

Show Comments

Extras

Top Quizzes Today


Score Distribution

Your Account Isn't Verified!

In order to create a playlist on Sporcle, you need to verify the email address you used during registration. Go to your Sporcle Settings to finish the process.

Report this User

Report this user for behavior that violates our Community Guidelines.

Details: